00250nam a2200109Ia 4500008004100000100001700041245002600058260001800084650001400102942000700116999001700123190216s9999||||xx |||||||||||||| ||und|| aJohn Alungal 0aPulariyiloru Poomazha bCurrent Books aMalayalam cBK c26559d26559